000 01352cam a2200289 a 4500
001 000013015
005 20200929163125.0
008 991123s1999 ve a b 000 0 spa
020 _a9802172286
040 _aDO-SdBNP
_bspa
_cLC
_dBNPHU
041 1 7 _aspa
_heng
_2Código de idioma MARC
082 _a363.7
_bS286c
100 1 _aScarlett, Lynn.
_930019
240 1 2 _aA consumer´s guide to environmental myths and realities.
_lEspañol
245 1 0 _aVerdades y ficciones sobre el ambiente :
_bguía para el consumidor /
_cLynn Scarlett ; editor y adaptador para Latinoamérica Pablo Cardinale Pizani.
260 _aCaracas, (Venezuela) :
_bInstituto de Estudios Superiores de Administración (IESA),
_c1999.
300 _a82 p. :
_bil. ;
_c23 cm.
534 _pTítulo original en inglés:
_tA consumer´s guide to environmental myths and realities
650 4 _aGestión ambiental
_xGuías
_930020
650 4 _aProtección ambiental
_xParticipación ciudadana
_930021
650 4 _aConservación de recursos naturales
_xParticipación ciudadana
_930022
700 1 _aCardinale Pizani, Pablo,
_eed.
_epról.
_930023
710 2 _aCentro de Divulgación del Conocimiento Económico (CEDICE)
_930024
710 2 _aConsejo Empresarial Venezolano para el Desarrollo Sostenible (CEVEDES)
_930025
910 _aCatalogación por copia / LC
049 _aBNGR
999 _c12662
_d12662